| 000 | 00592nam a2200169 a 4500 | ||
|---|---|---|---|
| 001 | 000045391 | ||
| 005 | 20240313073819.0 | ||
| 008 | 150306s201u dr ac 000 0 spa d | ||
| 040 |
_aDO-SdBNP _bspa _cBNPHU |
||
| 041 | 1 | 7 |
_aspa _beng |
| 245 | 0 | 0 |
_aFestival de cine global dominicano : _btemas globales, historias personales. |
| 260 |
_aSanto Domingo : _bFUNGLODE, _bFestival de cine global dominicano, _c[201u]. |
||
| 300 |
_a76 p. : _bil., retrs. ; _c21 cm. |
||
| 500 | _aAlemania pais de honor | ||
| 500 | _aGuía de proyecciones | ||
| 710 | 2 |
_aFundación Global Democracía y Desarrollo _925477 |
|
| 999 |
_c44880 _d44880 |
||